000 00787nam a2200157Ia 4500
008 100122s9999 xx 000 0 und d
082 _b72533
_a330
100 _aकुलकर्णी कल्याण
245 _aकौटिलीय अर्थशास्त्र आणि आधुनिक भारतीय अर्थव्यवस्था
250 _a1
260 _bविहंग प्रकाशन
_c2007
300 _a160
630 _aकौटिलीय अर्थशास्त्र आणि आधुनिक भारतीय अर्थव्यवस्था
730 _aकौटिलीय अर्थशास्त्र आणि आधुनिक भारतीय अर्थव्यवस्था
942 _cBOOK
999 _c388505
_d388502